000
00292nam a22001337a 4500
008
181023b xxu||||| |||| 00| 0 eng d
020
_a
2901416023509
041
_a
eng
080
_2
8th
_a
615.83
100
_a
8
101
_a
EGZ
245
_a
Muscle Testing
_c
Hislop,H.J
942
_2
udc
_c
BK
999
_c
50630
_d
50630